书目信息 |
| 题名: |
大中型水泵装置理论与关键技术
|
|
| 作者: | 仇宝云 著 | |
| 分册: | ||
| 出版信息: | 北京 中国水利水电出版社 2005.03 |
|
| 页数: | 184页 | |
| 开本: | 26cm | |
| 丛书名: | ||
| 单 册: | ||
| 中图分类: | TV675 | |
| 科图分类: | ||
| 主题词: | 水泵--shui beng--基本知识 , 泵站--beng zhan--基本知识 | |
| 电子资源: | ||
| ISBN: | 7-5084-2828-5 | |
| 000 | 00982nam0 2200253 450 | |
| 001 | 012007043607 | |
| 005 | 20070925103430.32 | |
| 010 | @a7-5084-2828-5@dCNY32.00 | |
| 100 | @a20070816d2005 km y0chiy0120 ea | |
| 101 | 0 | @achi |
| 102 | @aCN@b110000 | |
| 105 | @aa a 000yy | |
| 200 | 1 | @a大中型水泵装置理论与关键技术@Ada zhong xing shui beng zhuang zhi li lun yu guan jian ji shu@f仇宝云著@Fqiu bao yun zhu |
| 210 | @a北京@c中国水利水电出版社@d2005.03 | |
| 215 | @a184页@c图@d26cm | |
| 300 | @a国家自然科学基金项目(50179032)资助江苏省水利科技重点项目(2001055)资助 | |
| 320 | @a有书目 (第176-184页)。 | |
| 330 | @a本书主要介绍了大型泵站功能与水泵机组的结构形式、大型立式水泵机组配合质量控制关键技术、轴流泵叶片进口流场对水泵运行的影响、出水流道流速分布测定、出水流道水力损失等等。 | |
| 606 | 0 | @a水泵@Ashui beng@x基本知识 |
| 606 | 0 | @a泵站@Abeng zhan@x基本知识 |
| 690 | @aTV675@v4 | |
| 701 | 0 | @a仇宝云@Aqiu bao yun@4著 |
| 801 | 0 | @aCN@c20070925 |
| 905 | @dTV675@eQ766 | |
| 大中型水泵装置理论与关键技术/仇宝云著.-北京:中国水利水电出版社,2005.03 |
| 184页:图;26cm |
| 国家自然科学基金项目(50179032)资助江苏省水利科技重点项目(2001055)资助 |
| ISBN 7-5084-2828-5:CNY32.00 |
| 本书主要介绍了大型泵站功能与水泵机组的结构形式、大型立式水泵机组配合质量控制关键技术、轴流泵叶片进口流场对水泵运行的影响、出水流道流速分布测定、出水流道水力损失等等。 |
| ● |
| 相关链接 |
|
|
|
正题名:大中型水泵装置理论与关键技术
索取号:TV675/Q766
 
预约/预借
| 序号 | 登录号 | 条形码 | 馆藏地/架位号 | 状态 | 备注 |
| 1 | 259336 | 202593363 | 自科二线504/201建筑库 46排2列4层/ [索取号:TV675/Q766] | 在馆 | |
| 2 | 259337 | 202593372 | 自科库501/501自科库 48排4列1层/ [索取号:TV675/Q766] | 在馆 | |
| 3 | 259338 | 202593381 | 自科库501/501自科库 48排4列1层/ [索取号:TV675/Q766] | 在馆 |